00000000nam 2200000za 4500
0019.564111
003CaOODSP
00520230131161132
007cr |||||||||||
008150406s2008||||xxcab|||o    f000 0 eng d
020 |q(paper)|z978-0-660-19722-7
040 |aCaOODSP|beng
041 |aeng|bfre
043 |an-cn---
0861 |aM42-589E-PDF
24500|aCanadian Groundwater Inventory |h[electronic resource] : |bregional hydrogeological characterization of the south-central part of the Maritimes Basin / |cC. Rivard ... [et al.]
260 |aOttawa : |bNatural Resources Canada : |bGeographical Survey of Canada,|c2008.
300 |a108 p. : |bfigs.
4901 |aBulletin / Geological Survey of Canada |v589
500 |aThe catalogue number (M42-589E) and ISBN (978-0-660-19722-7) of the print edition have been copied in the PDF edition.
504 |aIncludes bibliographical references.
5203 |aPresents the current state of understanding of this hydrogeological system, along with the methodology used to characterize and analyse its distinct behaviour at three different scales.
546 |aPrefactory texts and abstracts in English and French, articles in their original language.
590 |a08-19|b2008-05-09
69007|aProspecting|2gcpds
7102 |aGeological Survey of Canada.
7760#|tCanadian groundwater inventory : |w(CaOODSP)9.618330
830#0|aBulletin (Geological Survey of Canada)|v589|w(CaOODSP)9.504778
85640|ahttp://publications.gc.ca|qPDF|s15458 KB|uhttps://publications.gc.ca/collections/collection_2008/nrcan/M42-589E.pdf|yNo. 589